<?xml version="1.0" encoding="UTF-8"?>
<record
    xmlns:xsi="http://www.w3.org/2001/XMLSchema-instance"
    xsi:schemaLocation="http://www.loc.gov/MARC21/slim http://www.loc.gov/standards/marcxml/schema/MARC21slim.xsd"
    xmlns="http://www.loc.gov/MARC21/slim">

  <leader>01887nam a2200253 a 4500</leader>
  <controlfield tag="001">000037713</controlfield>
  <controlfield tag="003">DO-SdBNP</controlfield>
  <controlfield tag="005">20210809093159.0</controlfield>
  <controlfield tag="008">121115s2012    dr a          000 0 spa d</controlfield>
  <datafield tag="020" ind1=" " ind2=" ">
    <subfield code="a">9789945164954</subfield>
  </datafield>
  <datafield tag="040" ind1=" " ind2=" ">
    <subfield code="a">BPMSU</subfield>
    <subfield code="b">spa</subfield>
    <subfield code="c">BPMSU</subfield>
  </datafield>
  <datafield tag="082" ind1=" " ind2=" ">
    <subfield code="a">362.8292 </subfield>
    <subfield code="b">R763v 2012</subfield>
    <subfield code="2">22</subfield>
  </datafield>
  <datafield tag="100" ind1="1" ind2=" ">
    <subfield code="a">Romero, Lino</subfield>
    <subfield code="d">1930-</subfield>
  </datafield>
  <datafield tag="245" ind1="1" ind2="0">
    <subfield code="a">Violencia intrafamiliar un enfoque socio-cultural :</subfield>
    <subfield code="b">vulnerabilidad y agresi&#xF3;n en la historia dominicana /</subfield>
    <subfield code="c">Lino Romero.</subfield>
  </datafield>
  <datafield tag="260" ind1=" " ind2=" ">
    <subfield code="a">Santo Domingo :</subfield>
    <subfield code="b">B&#xFA;ho ,</subfield>
    <subfield code="c">2012.</subfield>
  </datafield>
  <datafield tag="300" ind1=" " ind2=" ">
    <subfield code="a">xvii, 243 p. :</subfield>
    <subfield code="b">il. ;</subfield>
    <subfield code="c">23 cm.</subfield>
  </datafield>
  <datafield tag="500" ind1=" " ind2=" ">
    <subfield code="a">Incluye datos biogr&#xE1;ficos del autor en la solapa de la cubierta </subfield>
  </datafield>
  <datafield tag="505" ind1="0" ind2=" ">
    <subfield code="a">Definici&#xF3;n, concepto e historia -- Esquemas  -- Origen del vocablo feminicidio  -- Predictores de violencia  -- Factores que pueden incrementar la violencia intrafamiliar -- An&#xE1;lisis del cuadro pintado por Yoryi Morel en 1978 -- Padres irresponsables -- El machismo, la violencia dom&#xE9;stica -- Sado-masoquismo -- La mujer emocionalmente debe ser comprendida a fin de resolver sus problemas emocionales -- El homicidio en ni&#xF1;os y j&#xF3;venes -- Violaci&#xF3;n de ni&#xF1;os -- Incesto -- Estudios de casos especiales de violencia contra la mujer -- Peloteros y la violencia contra la mujer -- Casos excepcionales de violencia intrafamiliar -- Armas de fuego -- Estudio comparativo de la violencia intrafamiliar en la Rep&#xFA;blica Dominicana y los Estados Unidos -- El valor de divorciarse -- Las preguntas m&#xE1;s frecuentes en los casos de violencia intrafamiliar -- Mitos sobre la violencia intrafamiliar -- Agencias comunitarias sin fines de lucro participantes en estudios de violencia intrafamiliar en la Rep&#xFA;blica Dominicana.</subfield>
  </datafield>
  <datafield tag="590" ind1=" " ind2=" ">
    <subfield code="6">Inventariado, 2021/VM</subfield>
  </datafield>
  <datafield tag="650" ind1=" " ind2="4">
    <subfield code="a">Violencia conyugal</subfield>
    <subfield code="z">Rep&#xFA;blica Dominicana</subfield>
  </datafield>
  <datafield tag="650" ind1=" " ind2="4">
    <subfield code="a">Mujeres </subfield>
    <subfield code="x">Condiciones sociales</subfield>
    <subfield code="z">Rep&#xFA;blica Dominicana</subfield>
  </datafield>
  <datafield tag="910" ind1=" " ind2=" ">
    <subfield code="a">VMateo V.</subfield>
  </datafield>
  <datafield tag="942" ind1=" " ind2=" ">
    <subfield code="2">ddc</subfield>
    <subfield code="c">BK</subfield>
  </datafield>
  <datafield tag="952" ind1=" " ind2=" ">
    <subfield code="0">0</subfield>
    <subfield code="1">0</subfield>
    <subfield code="2">ddc</subfield>
    <subfield code="4">0</subfield>
    <subfield code="7">0</subfield>
    <subfield code="8">CD</subfield>
    <subfield code="a">BPMET</subfield>
    <subfield code="b">BPMET</subfield>
    <subfield code="d">2017-03-01</subfield>
    <subfield code="e"> Sonia Santos</subfield>
    <subfield code="l">0</subfield>
    <subfield code="o">BPMSU CD 362.8292  R763v 2012</subfield>
    <subfield code="p">BPMSU17030001</subfield>
    <subfield code="r">2017-03-01</subfield>
    <subfield code="w">2017-03-01</subfield>
    <subfield code="y">BK</subfield>
  </datafield>
  <datafield tag="952" ind1=" " ind2=" ">
    <subfield code="0">0</subfield>
    <subfield code="1">0</subfield>
    <subfield code="2">ddc</subfield>
    <subfield code="4">0</subfield>
    <subfield code="7">0</subfield>
    <subfield code="8">CD</subfield>
    <subfield code="a">BPMET</subfield>
    <subfield code="b">BPMET</subfield>
    <subfield code="d">2021-08-09</subfield>
    <subfield code="e">Isabel Rodr&#xED;guez </subfield>
    <subfield code="l">0</subfield>
    <subfield code="o">BPMSU CD 362.8292  R763v 2012</subfield>
    <subfield code="p">BPMSU21080033</subfield>
    <subfield code="r">2021-08-09</subfield>
    <subfield code="t">e.2</subfield>
    <subfield code="w">2021-08-09</subfield>
    <subfield code="y">BK</subfield>
  </datafield>
  <datafield tag="999" ind1=" " ind2=" ">
    <subfield code="c">12565</subfield>
    <subfield code="d">12565</subfield>
  </datafield>
</record>
